Adolphe (Record no. 46911)

MARC details
000 -LEADER
campo de control de longitud fija 00835nam a2200205 i 4500
001 - NÚMERO DE CONTROL
campo de control 46911
003 - IDENTIFICADOR DE NÚMERO DE CONTROL
campo de control ES-MaACL
005 - FECHA Y HORA DE LA ÚLTIMA TRANSACCIÓN
campo de control 20230906161453.0
007 - CAMPO FIJO DE DESCRIPCIÓN FÍSICA--INFORMACIÓN GENERAL
campo de control de longitud fija t|
008 - DATOS DE LONGITUD FIJA--INFORMACIÓN GENERAL
campo de control de longitud fija 030402s1845 fr ||||1| fre d
080 ## - NÚMERO DE LA CLASIFICACIÓN DECIMAL UNIVERSAL
Número de la Clasificación Decimal Universal 821.133.1(494)-31"17"
100 1# - ENTRADA PRINCIPAL--NOMBRE DE PERSONA
Nombre de persona Constant, Benjamin.
9 (RLIN) 40242
245 10 - MENCIÓN DEL TÍTULO
Título Adolphe
Resto del título : anecdote trouvée dans les papiers d'un inconnu /
Mención de responsabilidad, etc. par Benjamin Constant.
250 ## - MENCION DE EDICION
Mención de edición Nouve. éd. / suivie des ouvrages du même écrivain, Quelques réflexions sur le théâtre allemand et sur la tragédie de Wallstein, et De l'Esprit de conquête et de l'usurpation.
260 ## - PUBLICACIÓN, DISTRIBUCIÓN, ETC.
Lugar de publicación, distribución, etc. Paris :
Nombre del editor, distribuidor, etc. Charpentier,
Fecha de publicación, distribución, etc. 1845.
300 ## - DESCRIPCIÓN FÍSICA
Extensión 389 p. ;
Dimensiones 17 cm.
530 ## - NOTA DISPONIBLE DE FORMULARIO FÍSICO ADICIONAL
Nota de formato físico adicional disponible Disponible en formato digital.
852 ## - LOCALIZACIÓN
Ubicación ES-MaACL
Número de control de estantería D-1021
856 ## - LOCALIZACIÓN Y ACCESO ELECTRÓNICOS
Identificador Uniforme de Recursos <a href="http://bdh-rd.bne.es/viewer.vm?id=0000120685&page=1 ">http://bdh-rd.bne.es/viewer.vm?id=0000120685&page=1 </a>
Nota pública Biblioteca Digital Hispánica
Holdings
Estatus retirado Estado de pérdida Estado de daño No para préstamo Colección Biblioteca de origen Biblioteca actual Ubicación en estantería Fecha de adquisición Fuente de adquisición Total de préstamos Signatura topográfica completa Código de barras Visto por última vez Precio de reemplazo Tipo de ítem Koha
        Colección digital Biblioteca del Ateneo de Madrid Biblioteca del Ateneo de Madrid Sala Valle Inclán 17/01/2008     D-1021 901049337 23/02/2023 23/02/2023 Libro impreso antiguo